Normal view MARC view
  • MAJORS K D

Entry Personal Name

Number of records used in: 1

001 - CONTROL NUMBER

  • control field: 7214

003 - CONTROL NUMBER IDENTIFIER

  • control field: OSt

005 - DATE AND TIME OF LATEST TRANSACTION

  • control field: 20190530092048.0

008 - FIXED-LENGTH DATA ELEMENTS

  • fixed length control field: 190530|| aca||aabn | a|a d

040 ## - CATALOGING SOURCE

  • Original cataloging agency: OSt

100 ## - HEADING--PERSONAL NAME

  • Personal name: MAJORS K D

Powered by Koha